Normal view
MARC view
Entry Topical Term
001 - CONTROL NUMBER
- control field: 243152
003 - CONTROL NUMBER IDENTIFIER
- control field: OSt
005 - DATE AND TIME OF LATEST TRANSACTION
- control field: 20251029144037.0
008 - FIXED-LENGTH DATA ELEMENTS
- fixed length control field: 251029|| aca||aabn | a|a d
040 ## - CATALOGING SOURCE
- Original cataloging agency: OSt
- Transcribing agency: OSt
150 ## - HEADING--TOPICAL TERM
- Topical term or geographic name entry element: Derive maximum code performance and delve further into iterations,objects,GIL, memory management,and various internals
670 ## - SOURCE DATA FOUND
- Source citation: Work cat.: (OSt)240607: Prashanth Raghu 243151, Internals of Python 3.x, 2023